000 00775nam a2200193 a 4500
001 000035786
005 20200930074618.0
008 111110s2011 dr 000 0 spa d
020 _a9780984631003
040 _aDO-SdBNP
_bspa
_cBNPHU
100 1 _aMatos, Libio Amaury
_932509
245 1 0 _aLemba :
_bel esclavo rebelde del Caribe /
_cLibio Amaury Matos.
260 _aSanto Domingo :
_bEditora Nueva Luz,
_c2011.
300 _a113 p. ;
_c22 cm.
500 _aIncluye datos biográficos del autor en la contracubierta
500 _aAguerrido esclavo de la Isla la Española símbolo de la lucha por la liberación de los negros esclavos en Santo Domingo durante la colonización de la isla por España en el siglo xv
504 _aBibli ografía : p. 113
049 _aBNPD
999 _c35277
_d35277